| 000 | 01118nam a2200337Ia 4500 | ||
|---|---|---|---|
| 001 | 3284 | ||
| 008 | 230305s[2019] xx 000 0 und d | ||
| 020 | _a9781950922161 | ||
| 040 | _ctbs | ||
| 041 | _aeng | ||
| 043 | _aen_UK | ||
| 245 | 0 | _aChinese short stories | |
| 260 |
_b[Publisher not identified], _c[2019] |
||
| 300 | _a98 pages ; 23 cm | ||
| 500 | _a11 simple stories for beginners who want to learn Mandarin Chinese in less time while also having fun | ||
| 590 | _bChinese for beginners ; Mandarin Chinese for beginners | ||
| 650 | 0 |
_aChinese language _xTextbooks for foreign speakers _xEnglish _913566 |
|
| 650 | 0 |
_aMandarin dialects _xTextbooks for foreign speakers _xEnglish _913567 |
|
| 650 | 0 |
_aChinese language _xSelf-instruction _913568 |
|
| 650 | 0 |
_aMandarin dialects _xSelf-instruction _913569 |
|
| 650 |
_aShort stories _911371 |
||
| 650 |
_a _92 |
||
| 650 |
_aChinese language _913570 |
||
| 650 |
_aMandarin dialects _913571 |
||
| 653 | _aCHINESE READER | ||
| 700 |
_aDaily Language Learning, _eAutor _922253 |
||
| 902 | _a1640 | ||
| 905 | _am | ||
| 942 |
_a1 _2ddc |
||
| 999 |
_c3118 _d3118 |
||